A galinha verde (Registo nº 3832)
[ vista simples ]
| 000 -Etiqueta do registo | |
|---|---|
| Cabeçalho | 00631nam0a2200217 4500 |
| 005 - Identificador da versão | |
| Campo de controlo | 20240813122045.0 |
| 100 ## - Dados gerais de processamento | |
| Dados gerais de processamento | 20170511d1978 d y0pory5003 ba |
| 101 0# - Língua de publicação | |
| Língua do texto, banda sonora, etc. | Português |
| 215 ## - Descrição física | |
| Indicação específica da natureza do documento e extensão da espécie | 56, [3] p. |
| Outras indicações físicas | il. |
| 200 1# - Titulo e menção de responsabilidade | |
| Título próprio | A galinha verde |
| Primeira menção de responsabilidade | Ricardo Alberty |
| Outras menções de responsabilidade | com desenhos de Júlio Gil |
| 205 ## - Menção da edição | |
| Menção da edição | 3ª ed |
| 210 ## - Publicação, Distribuição, etc. | |
| Lugar da edição, distribuição, etc. | Lisboa |
| Nome do editor, distribuidor, etc. | Ática |
| Data da publicação, distribuição, etc. | [1978?] |
| Data da impressão | imp.1978 |
| 606 ## - Nome comum usado como assunto | |
| Número de registo de entrada de autoridade | 0001335 |
| Palavra de ordem | Literatura portuguesa |
| Subdivisão de assunto | Conto |
| Código do sistema | CA |
| 675 ## - Classificação Decimal Universal (CDU) | |
| Notação | 821.134.3-34 |
| Edição | 3ª ed. |
| Língua da edição | por |
| 702 #1 - Nome de autor-pessoa física (responsabilidade secundária) | |
| Número de registo de entrada de autoridade | 0001833 |
| Palavra de ordem | Gil |
| Outra parte do nome não tomada para palavra de ordem | Júlio |
| 700 #1 - Nome de autor-pessoa física (responsabilidade principal) | |
| Número de registo de entrada de autoridade | 0001504 |
| Palavra de ordem | Alberty |
| Outra parte do nome não tomada para palavra de ordem | Ricardo |
| Datas | 1919-1992 |
| 966 ## - Identificação da Biblioteca | |
| Sigla | EBVEN |
| 942 ## - Elementos de entrada adicionados (Koha) | |
| Tipo de item no Koha | Livro |
| Situação do levantamento | Origin of item (home branch) (coded) | Biblioteca de empréstimo | Código de barras | Cota | Circulation type (not for loan) | Tipo de documento | Nota do exemplar | Damaged status |
|---|---|---|---|---|---|---|---|---|
| Biblioteca Escolar das Vendas | Biblioteca Escolar das Vendas | BEV162 | 8POR ALB | Livro | Sem mensagem | |||
| Biblioteca Escolar das Vendas | Biblioteca Escolar das Vendas | BEV161 | 8POR ALB | Livro | Sem mensagem |
